| 000 | 00868cam a2200265ui 4500 | ||
|---|---|---|---|
| 999 |
_c200431441 _d49653 |
||
| 001 | 200431441 | ||
| 003 | TR-AnTOB | ||
| 005 | 20241107104035.0 | ||
| 007 | ta | ||
| 008 | 121203s2017 tu a tur d | ||
| 040 |
_aTR-AnTOB _beng _erda _cTR-AnTOB _dTR-AnTOB |
||
| 041 | 0 | _atur | |
| 050 | _aDS51.G76 | ||
| 090 |
_aDS51.G76 _bA85 2017 |
||
| 100 | 1 |
_aAygün, Bünyamin, _d1970- _eauthor _9122528 |
|
| 245 | 1 | 0 |
_aFotoğrafların dilinden Gümüşhane = _bGümüşhane from the language of photographs / _cBünyamin Aygün. |
| 264 | 1 |
_aGümüşhane : _bGümüşhane Belediyesi, _c2017 |
|
| 300 |
_a151 pages ; _c21 cm |
||
| 336 |
_2rdacontent _atext _btxt |
||
| 337 |
_2rdamedia _aunmediated _bn |
||
| 338 |
_2rdacarrier _avolume _bnc |
||
| 651 | 0 |
_aGümüşhane İli (Türkiye) _vResimli çalışmalar _9122532 |
|
| 942 |
_2lcc _cBK |
||